00574nam a22001337a 4500003000400000005001700004008004100021040003100062245013500093260005200228300002800280500010800308650002400416OSt20241122105036.0241122b |||||||| |||| 00| 0 eng d cCentral University Library aThe Ghana Law Reports 2010-2012 :bVOLUME 1 /cActing Editor: Joyce N N Oku (MS); Barrister-at-Law. Solicitor of the Supreme Court aAccra, GhanabCouncil for Law Reporting c2015 axxxiv, 740 pagesc25 cm aCases determined by the High Court, the Court of Appeal and the Supreme Court of the Republic of Ghana. 2Law Reports xGhana